| 000 | 00860nam a2200241 a 4500 | ||
|---|---|---|---|
| 005 | 20090905151934.0 | ||
| 008 | 060731s1999 nyua b 000 0 eng d | ||
| 010 | _aB-357051 | ||
| 020 |
_a9788126417858 _c60.00 |
||
| 035 | _aB-357051 | ||
| 037 | _bDBAD / PUB | ||
| 040 |
_adpl _bEnglish |
||
| 082 | _aS | ||
| 100 | _aJohn, Mini | ||
| 245 |
_aJungle tales physicians in the jungle / _cby Mini John; illustrated by K.R. Raji |
||
| 260 |
_aKerala _bDC Books _c2008 |
||
| 270 |
_aDC Kizhakemuri Deam,good Shepherd Street, Kottayam _bKerala _e686001 |
||
| 300 |
_a29p.: _c23cm(pbk) _bcol. ill. |
||
| 650 |
_2Jungle animals _xFiction |
||
| 700 | _aRaji, K.R. | ||
| 942 |
_2ddc _cCH _mJOH _hS |
||
| 999 |
_c30071 _d30071 |
||